Final act [and appendices] (Record no. 51571)

MARC details
000 -LEADER
fixed length control field 00949cam a22002411 4500
001 - CONTROL NUMBER
control field pa 65000125
003 - CONTROL NUMBER IDENTIFIER
control field DLC
005 - DATE AND TIME OF LATEST TRANSACTION
control field 20260227111856.0
008 - FIXED-LENGTH DATA ELEMENTS--GENERAL INFORMATION
fixed length control field 770112s1964 dcu 100 0 eng c
010 ## - LIBRARY OF CONGRESS CONTROL NUMBER
LC control number pa 65000125
035 ## - SYSTEM CONTROL NUMBER
System control number (OCoLC)2673384
040 ## - CATALOGING SOURCE
Original cataloging agency Pan American Union Library
Transcribing agency TxEU
Modifying agency DLC
042 ## - AUTHENTICATION CODE
Authentication code premarc
050 00 - LIBRARY OF CONGRESS CALL NUMBER
Classification number F1405.5 1959
Item number .O7 OEA/ser.C/VI.5.3
111 1# - MAIN ENTRY--MEETING NAME
Meeting name or jurisdiction name as entry element Inter-American Meeting of Ministers of Education.
Number of part/section/meeting 3d,
Location of meeting Bogotá,
Date of meeting or treaty signing 1963.
245 00 - TITLE STATEMENT
Title Final act [and appendices]
260 ## - PUBLICATION, DISTRIBUTION, ETC.
Place of publication, distribution, etc. Washington,
Name of publisher, distributor, etc. Pan American Union,
Date of publication, distribution, etc. 1964.
300 ## - PHYSICAL DESCRIPTION
Extent 4 v.
Dimensions 28 cm.
490 1# - SERIES STATEMENT
Series statement OEA/ser.C/V.I5.3 (English)
500 ## - GENERAL NOTE
General note Appendices: 1. Draft resolutions approved by the working Committee. 2. Education in America. 3. Development of education in Latin America; prospects for the future.
650 #0 - SUBJECT ADDED ENTRY--TOPICAL TERM
Topical term or geographic name entry element Education
Geographic subdivision Latin America
Form subdivision Congresses.
810 2# - SERIES ADDED ENTRY--CORPORATE NAME
Corporate name or jurisdiction name as entry element Organization of American States.
Title of a work Official records.
Volume/sequential designation OEA/ser.C/VI.5.3

No items available.

Powered by Koha